Finančná kríza má vplyv na účtovné štandardy

Zmena klasifikácie niektorých druhov finančného majetku. Vplyv súčasnej finančnej krízy na Medzinárodné štandardy finančného výkazníctva. Reakcia na štandardy USA. Pomoc novely IAS 39 finančným inštitúciám.

Salvato in:
Dettagli Bibliografici
Autore principale: Tučný, Juraj
Natura: Capitolo di libro
Lingua:slovacco
Soggetti:
Tags: Aggiungi Tag
Nessun Tag, puoi essere il primo ad aggiungerne!!

MARC

LEADER 00000naa$a2200000$$$4500
001 0090102
005 20231107121441.5
041 0 |a slo 
044 |a SK 
245 1 0 |a Finančná kríza má vplyv na účtovné štandardy  |c Juraj Tučný 
520 |a Zmena klasifikácie niektorých druhov finančného majetku. Vplyv súčasnej finančnej krízy na Medzinárodné štandardy finančného výkazníctva. Reakcia na štandardy USA. Pomoc novely IAS 39 finančným inštitúciám. 
610 2 0 |a kríza finančná 
610 2 0 |a štandardy účtovné medzinárodné 
610 2 0 |a jednotka účtovná 
610 2 0 |a majetok finančný 
100 1 |a Tučný, Juraj